000 00649nam a2200169 a 4500
008 120217s2007 ||||||||||||||||| || u
020 _a9780340889442
050 _aR 845 Pat
100 _aPatel, Kinesh
245 1 0 _aComplete self assessment for medical finals
_cby Kinesh Patel and Neil Patel
260 _aLondon:
_bHodder Arnold
_c2007
300 _axi, 340p.: ill.
350 _a0.00
650 _aMEDICINE--EXAMINATIONS--STUDY GUIDE
700 _aPatel, Neil
995 _aMEDICAL LIBRARY OPEN ACCESS
_e901573
_FCBU-SCHOOL OF MEDICINE LIBRARY (Ndola)
_I0.00
_jR 845 Pat
_M1
_UAVAILABLE
_WJun 25, 2012
_y901573
_ZMedical Library Open Access Collection
999 _c31117
_d31117